Géographie de l'Europe par lettre - P - Statistiques

Statistiques générales
  • Ce quiz a été pris 399 fois
  • Le résultat moyen est 12 sur 20
Statistiques - réponses
Indice Réponse % Correct
Capitale française Paris
100%
Pays de Chopin, situé entre l'Allemagne et la Biélorussie Pologne
99%
Pays souvent appelé à tord comme une de ses régions, la Hollande Pays-Bas
94%
Capitale tchèque Prague
93%
Monument romain, son nom désigne aussi un monument parisien dédié aux grandes figures du pays Panthéon
90%
Ville italienne à la tour penchée Pise
90%
Pays ibérique à la longue facade atlantique Portugal
89%
Chaîne de montagne séparant la France de l'Espagne Pyrénées
87%
Temple antique d'Athènes, situé sur l'Acropole Parthénon
80%
Région historique du sud-est de la France, célèbre pour ses champs de lavande Provence
80%
Fleuve du nord de l'Italie
63%
Port d'Athènes Le {Pirée}
62%
Région du nord de l'Italie, sa capitale est Turin Piémont
51%
Péninsule du sud de la Grèce Péloponnèse
40%
Point culminant du massif central Puy de Sancy
30%
Plus grande île de l'archipel d'Hyères Porquerolles
29%
La "Versaille de Prusse", capitale du Brandebourg aux palais réputées Potsdam
18%
Deuxième plus grande île des Cyclades Páros
15%
Ville la plus peuplée de celle-ci Patras
8%
Terme très politique désignant sa plaine, soit la partie septentrionale du pays Padanie
3%
Aucun quiz correspondant
Distribution des résultats
% des personnes avec chaque résultat
Percentile par nombre de réponses
Votre historique - résultats
Vous n’avez pas pris ce quiz